[Event "HUN-chT2 Erkel 1617"]
[Site "Hungary"]
[Date "2016.10.30"]
[Round "3.6"]
[White "Hevesi, Zoltan"]
[Black "Fridvalszki, Richard"]
[Result "1-0"]
[WhiteElo "2066"]
[BlackElo "2100"]
[PlyCount "101"]
[EventDate "2016.09.25"]
[EventType "team-tourn"]
[EventRounds "11"]
[EventCountry "HUN"]
[SourceTitle "EXT 2021"]
[Source "ChessBase"]
[SourceDate "2020.10.23"]
[SourceVersion "1"]
[SourceVersionDate "2020.10.23"]
[SourceQuality "1"]
[WhiteTeam "Andornaktalya"]
[BlackTeam "Jaszbereny"]
[WhiteTeamCountry "HUN"]
[BlackTeamCountry "HUN"]

1. d4 f5 2. Nf3 g6 3. h4 Nf6 4. Bg5 Bg7 5. e3 d6 6. Bc4 h6 7. Bxf6 Bxf6 8. Nc3 Nc6 9. Ne2 Na5 10. Bd3 e5 11. e4 Qe7 12. Qd2 b6 13. 0-0-0 Bd7 14. h5 g5 15. dxe5 dxe5 16. Qc3 c5 17. Bc4 Nxc4 18. Qxc4 Be6 19. Qb5+ Kf7 20. exf5 Bxf5 21. Ng3 Bg4 22. Ne4 Rad8 23. Qc6 Be6 24. Rd6 Rxd6 25. Nxd6+ Kg7 26. Qe4 Rh7 27. Nxe5 Kg8 28. Rd1 Bxa2 29. Ndc4 Rg7 30. Rd7 Qe6 31. Qa8+ Kh7 32. Qe4+ Kg8 33. Qa8+ Kh7 34. Ng6 Rf7 35. Rxf7+ Qxf7 36. Nd6 Qg8 37. Qxa7+ Bg7 38. Nf5 Qf7 39. Nge7 Qe6 40. Ne3 b5 41. N7f5 Qf7 42. Qxc5 Be6 43. Qxb5 Qxh5 44. Nxg7 Kxg7 45. Qe5+ Kf7 46. Qc7+ Kf6 47. Kd2 Qh4 48. Ke2 Qe4 49. f3 Qh4 50. c4 g4 51. Qd8+ 1-0

[Event "HUN-chT2 Erkel 1617"]
[Site "Hungary"]
[Date "2016.10.09"]
[Round "2.5"]
[White "Horvath, Zoltan2222"]
[Black "Fridvalszki, Richard"]
[Result "0-1"]
[WhiteElo "1915"]
[BlackElo "2100"]
[PlyCount "144"]
[EventDate "2016.09.25"]
[EventType "team-tourn"]
[EventRounds "11"]
[EventCountry "HUN"]
[SourceTitle "EXT 2021"]
[Source "ChessBase"]
[SourceDate "2020.10.23"]
[SourceVersion "1"]
[SourceVersionDate "2020.10.23"]
[SourceQuality "1"]
[WhiteTeam "Gyongyos Matra"]
[BlackTeam "Jaszbereny"]
[WhiteTeamCountry "HUN"]
[BlackTeamCountry "HUN"]

1. e4 c5 2. f4 d5 3. e5 Nc6 4. Nf3 Bf5 5. d3 e6 6. g3 Nge7 7. Bg2 h5 8. 0-0 Rc8 9. Be3 d4 10. Bf2 Nd5 11. Nbd2 Be7 12. Ne4 Qb6 13. b3 Bxe4 14. dxe4 Nc3 15. Qd3 Nb4 16. Qc4 Qc6 17. a4 a6 18. a5 Nxc2 19. Rac1 Na3 20. Qd3 Qb5 21. Rxc3 dxc3 22. Qxc3 Qb4 23. Rc1 Qxc3 24. Rxc3 Nb5 25. Rc1 0-0 26. Bf1 Rfd8 27. Be3 Rc6 28. Kf2 Rdc8 29. Be2 g6 30. Nd2 Nd4 31. Bd1 Rd8 32. Nc4 Kf8 33. Nb6 Nb5 34. Be2 Nd4 35. Bd1 Nb5 36. Be2 Ke8 37. Nc4 Kd7 38. Rc2 Kc7 39. Rc1 Nd4 40. Bd1 Nb5 41. Be2 Kb8 42. Ke1 Na7 43. Kf2 Nc8 44. Ra1 Rc7 45. h3 Rcd7 46. Kf3 Kc7 47. Rc1 Kb8 48. Nb2 Rc7 49. Na4 Na7 50. Nxc5 Rdc8 51. b4 Nc6 52. Rd1 Rd8 53. Nd3 Nd4+ 54. Kf2 Rc2 55. Rd2 Rxd2 56. Bxd2 Nc6 57. Ke3 Kc7 58. Bc3 Rd7 59. g4 h4 60. Nc5 Rd8 61. f5 Bg5+ 62. Kf2 exf5 63. exf5 Re8 64. e6 fxe6 65. Nxe6+ Rxe6 66. fxe6 Kd6 67. Bc4 Nd8 68. Bd3 Nxe6 69. Bxg6 Nf4 70. Kf3 Nxg6 71. Ke4 Ke6 72. Kd4 Bf6+ 0-1

[Event "HUN-chT2 Erkel 1011"]
[Site "Hungary"]
[Date "2011.05.01"]
[Round "10.7"]
[White "Zoltan, Andras"]
[Black "Fridvalszki, Richard"]
[Result "1-0"]
[WhiteElo "1977"]
[BlackElo "2126"]
[PlyCount "83"]
[EventDate "2010.09.12"]
[EventType "team-tourn"]
[EventRounds "11"]
[EventCountry "HUN"]
[SourceTitle "EXT 2012"]
[Source "ChessBase"]
[SourceDate "2011.11.24"]
[SourceVersion "1"]
[SourceVersionDate "2011.11.24"]
[SourceQuality "1"]
[WhiteTeam "Honved"]
[BlackTeam "Jaszbereny"]
[WhiteTeamCountry "HUN"]
[BlackTeamCountry "HUN"]

1. e4 c5 2. Nf3 d6 3. Bb5+ Bd7 4. Bxd7+ Qxd7 5. 0-0 Nc6 6. d4 cxd4 7. Nxd4 g6 8. Nxc6 bxc6 9. Qd4 Nf6 10. e5 dxe5 11. Qxe5 Bg7 12. Re1 e6 13. Nc3 0-0 14. Bh6 Bxh6 15. Qxf6 Bg7 16. Qf3 Qb7 17. Rab1 Rfd8 18. Ne4 Qe7 19. b3 e5 20. Nc3 Qc5 21. Re4 Rd4 22. Rbe1 f5 23. R4e2 Rad8 24. Na4 Qd6 25. g3 e4 26. Qe3 Be5 27. c3 Rd3 28. Qxa7 h5 29. Re3 Rd2 30. Nc5 h4 31. Nb7 Qc7 32. Qa6 R8d5 33. c4 R5d3 34. Rxd3 Rxd3 35. Nc5 Rd2 36. Ne6 Qd7 37. Ng5 hxg3 38. hxg3 Kg7 39. Qa5 Bd4 40. Qxd2 c5 41. Rd1 Qd6 42. Kg2 1-0

[Event "HUN-chT2 Erkel 1011"]
[Site "Hungary"]
[Date "2010.11.21"]
[Round "6.6"]
[White "Fridvalszki, Richard"]
[Black "Muhari, Istvan"]
[Result "1/2-1/2"]
[WhiteElo "2126"]
[BlackElo "2226"]
[PlyCount "67"]
[EventDate "2010.09.12"]
[EventType "team-tourn"]
[EventRounds "11"]
[EventCountry "HUN"]
[SourceTitle "EXT 2012"]
[Source "ChessBase"]
[SourceDate "2011.11.24"]
[SourceVersion "1"]
[SourceVersionDate "2011.11.24"]
[SourceQuality "1"]
[WhiteTeam "Jaszbereny"]
[BlackTeam "Ujszasz"]
[WhiteTeamCountry "HUN"]
[BlackTeamCountry "HUN"]

1. e4 c6 2. d4 d5 3. e5 Bf5 4. c4 e6 5. Nc3 Nd7 6. Nge2 h6 7. Ng3 Bh7 8. h4 Ne7 9. a3 Nf5 10. Nxf5 Bxf5 11. c5 Be7 12. h5 b6 13. b4 a5 14. b5 cxb5 15. c6 Nb8 16. Bxb5 Qc7 17. Qa4 0-0 18. Bf4 f6 19. exf6 Qxf4 20. fxe7 Re8 21. 0-0 Rxe7 22. Rac1 Qd6 23. Ne2 Raa7 24. Ng3 Bh7 25. Rc3 Rac7 26. Rfc1 e5 27. dxe5 Qxe5 28. Re3 Qb2 29. Rec3 Qd2 30. Qd1 Qg5 31. Qd4 Rf7 32. Qe3 Qxe3 33. Rxe3 Rf8 34. Ne2 1/2-1/2

[Event "HUN-chT2 Erkel 1011"]
[Site "Hungary"]
[Date "2010.09.26"]
[Round "2.7"]
[White "Toth, Gergely"]
[Black "Fridvalszki, Richard"]
[Result "1-0"]
[WhiteElo "2196"]
[BlackElo "2126"]
[PlyCount "71"]
[EventDate "2010.09.12"]
[EventType "team-tourn"]
[EventRounds "11"]
[EventCountry "HUN"]
[SourceTitle "EXT 2012"]
[Source "ChessBase"]
[SourceDate "2011.11.24"]
[SourceVersion "1"]
[SourceVersionDate "2011.11.24"]
[SourceQuality "1"]
[WhiteTeam "Budapest MTK"]
[BlackTeam "Jaszbereny"]
[WhiteTeamCountry "HUN"]
[BlackTeamCountry "HUN"]

1. d4 Nf6 2. c4 g6 3. Nc3 d5 4. Nf3 Bg7 5. Bg5 Ne4 6. cxd5 Nxc3 7. bxc3 Qxd5 8. e3 Bg4 9. Be2 c5 10. h3 Bf5 11. 0-0 h6 12. Bf4 0-0 13. c4 Qd8 14. d5 Bxa1 15. Qxa1 Kh7 16. g4 Bd7 17. e4 f6 18. Qd1 g5 19. Be3 Rg8 20. e5 b6 21. Bd3+ Kh8 22. Be4 Na6 23. e6 Be8 24. Qb1 Rb8 25. h4 gxh4 26. Bf5 Bh5 27. Nxh4 Bxg4 28. Ng6+ Rxg6 29. Bxg6 Qg8 30. Kh2 Qg7 31. Rg1 f5 32. Rxg4 fxg4 33. Bf7 Rf8 34. Qf5 Qf6 35. Qxf6+ exf6 36. e7 1-0

[Event "HUN-chT2 Erkel 0910"]
[Site "Hungary"]
[Date "2009.11.22"]
[Round "2.5"]
[White "Fridvalszki, Richard"]
[Black "Kustra, Pal"]
[Result "1-0"]
[WhiteElo "2166"]
[BlackElo "2131"]
[PlyCount "140"]
[EventDate "2009.11.08"]
[EventType "team-tourn"]
[EventRounds "11"]
[EventCountry "HUN"]
[SourceTitle "EXT 2011"]
[Source "ChessBase"]
[SourceDate "2010.11.26"]
[SourceVersion "1"]
[SourceVersionDate "2010.11.26"]
[SourceQuality "1"]
[WhiteTeam "Jaszbereny"]
[BlackTeam "Pestszentlorinc"]
[WhiteTeamCountry "HUN"]
[BlackTeamCountry "HUN"]

1. e4 g6 2. d4 Bg7 3. f4 c5 4. Nf3 cxd4 5. Nxd4 Qb6 6. Nb3 Qb4+ 7. N1d2 Nf6 8. c3 Qb6 9. Qf3 d6 10. h3 Nc6 11. Nc4 Qc7 12. Be2 b5 13. Ne3 Rb8 14. 0-0 0-0 15. g4 b4 16. Bd2 a5 17. Rac1 a4 18. Nd4 Nxd4 19. cxd4 Qa7 20. d5 e6 21. g5 Nh5 22. Qf2 Bxb2 23. Bxh5 gxh5 24. Qf3 exd5 25. Rc2 Bd4 26. Kh2 dxe4 27. Qg3 Bxe3 28. Bxe3 Qa6 29. Rcf2 Bf5 30. Qh4 d5 31. Bd4 Qg6 32. Bf6 e3 33. Re2 Bd3 34. f5 Bxf5 35. Rxe3 Rfe8 36. Ref3 Re2+ 37. R1f2 Rxf2+ 38. Rxf2 Be4 39. Qf4 Rc8 40. Qd6 b3 41. axb3 axb3 42. Qd7 Rf8 43. Qb5 Bc2 44. Qxd5 Qe4 45. Qd6 Qe1 46. Bd4 Qe6 47. Qf4 Rd8 48. Bb2 Qd6 49. Be5 Qe6 50. Bb2 Qd6 51. Be5 Qe6 52. Bb2 h4 53. Bf6 Re8 54. Bd4 Bg6 55. Bb2 Qe3 56. Qxh4 Re4 57. Qg3 Qxg3+ 58. Kxg3 Re8 59. Rd2 Rc8 60. Kf3 Kf8 61. Ba3+ Ke8 62. h4 Rc4 63. Kg3 Rc2 64. Rxc2 bxc2 65. Kf4 Kd7 66. Ke5 Kc6 67. Kd4 Kb5 68. Kc3 Ka4 69. Bc1 Kb5 70. Be3 Bf5 1-0

[Event "HUN-chT2 Erkel 0809"]
[Site "Hungary"]
[Date "2009.04.05"]
[Round "10.4"]
[White "Matuska, Miklos"]
[Black "Fridvalszki, Richard"]
[Result "1-0"]
[WhiteElo "2034"]
[BlackElo "2171"]
[PlyCount "111"]
[EventDate "2008.10.26"]
[EventType "team-tourn"]
[EventRounds "11"]
[EventCountry "HUN"]
[SourceTitle "EXT 2010"]
[Source "ChessBase"]
[SourceDate "2010.11.25"]
[SourceVersion "1"]
[SourceVersionDate "2010.11.25"]
[SourceQuality "1"]
[WhiteTeam "Foti"]
[BlackTeam "Jaszbereny"]
[WhiteTeamCountry "HUN"]
[BlackTeamCountry "HUN"]

1. Nf3 Nf6 2. g3 g6 3. b3 Bg7 4. Bb2 0-0 5. c4 d6 6. Bg2 e5 7. 0-0 Nc6 8. Nc3 Bf5 9. Rc1 Qd7 10. Nd5 Ne7 11. Nh4 c6 12. Nxe7+ Qxe7 13. Nxf5 gxf5 14. d4 e4 15. d5 c5 16. Qd2 Ng4 17. Bxg7 Kxg7 18. Qf4 Qe5 19. Qxe5+ Nxe5 20. f3 exf3 21. Bxf3 Kg6 22. Bg2 Rae8 23. Rf4 Ng4 24. e4 h5 25. Rxf5 Re7 26. Rcf1 f6 27. R5f3 a5 28. a4 Ne5 29. Re3 Ng4 30. Re2 Kg7 31. Bh3 f5 32. Bxg4 hxg4 33. Rf4 Rfe8 34. Kf2 Re5 35. Rxf5 Rxe4 36. Rxe4 Rxe4 37. Rg5+ Kf6 38. Rg8 Rd4 39. Ke3 Kf5 40. Rf8+ Kg5 41. Rf7 Rd1 42. Rxb7 Rh1 43. Rb6 Rxh2 44. Rxd6 Rg2 45. Rd8 Rxg3+ 46. Ke4 Rxb3 47. Rg8+ Kf6 48. d6 Ke6 49. Rg6+ Kd7 50. Kd5 g3 51. Rg7+ Ke8 52. d7+ Kd8 53. Kc6 Rd3 54. Rg8+ Ke7 55. Re8+ Kf7 56. d8Q 1-0

[Event "HUN-chT2 Erkel 0809"]
[Site "Hungary"]
[Date "2009.01.25"]
[Round "6.6"]
[White "Klein, Peter"]
[Black "Fridvalszki, Richard"]
[Result "0-1"]
[WhiteElo "2064"]
[BlackElo "2171"]
[PlyCount "83"]
[EventDate "2008.10.26"]
[EventType "team-tourn"]
[EventRounds "11"]
[EventCountry "HUN"]
[SourceTitle "EXT 2010"]
[Source "ChessBase"]
[SourceDate "2010.11.25"]
[SourceVersion "1"]
[SourceVersionDate "2010.11.25"]
[SourceQuality "1"]
[WhiteTeam "Paszto"]
[BlackTeam "Jaszbereny"]
[WhiteTeamCountry "HUN"]
[BlackTeamCountry "HUN"]

1. e4 c5 2. Nc3 Nc6 3. g3 g6 4. Bg2 Bg7 5. d3 d6 6. Bd2 e6 7. Rb1 Nge7 8. f4 b6 9. Nf3 0-0 10. 0-0 f5 11. Re1 d5 12. exd5 exd5 13. Ng5 Qd6 14. Qf3 Nd4 15. Qd1 Bb7 16. Ne2 Nec6 17. c3 Nxe2+ 18. Qxe2 Rf6 19. c4 dxc4 20. Bc3 Nd4 21. Qf2 Bxg2 22. Qxg2 Rd8 23. dxc4 h6 24. Nf3 Rff8 25. Rbd1 Rfe8 26. Kf1 Qc7 27. Qf2 Rxe1+ 28. Rxe1 Qc6 29. Bxd4 cxd4 30. Qe2 d3 31. Qe6+ Qxe6 32. Rxe6 d2 33. Nxd2 Rxd2 34. Rxg6 Rxb2 35. c5 bxc5 36. Ra6 c4 37. Rxa7 c3 38. Rc7 Rxa2 39. h3 Rd2 40. Ke1 Bd4 41. g4 fxg4 42. hxg4 0-1

[Event "HUN-chT2 Erkel 0708"]
[Site "Hungary"]
[Date "2008.03.30"]
[Round "9"]
[White "Szlabey, Geza"]
[Black "Fridvalszki, Richard"]
[Result "1-0"]
[WhiteElo "2132"]
[BlackElo "2135"]
[PlyCount "57"]
[EventDate "2007.10.14"]
[EventType "team"]
[EventRounds "11"]
[EventCountry "HUN"]
[SourceTitle "EXT 2009"]
[Source "ChessBase"]
[SourceDate "2008.11.26"]
[SourceVersion "1"]
[SourceVersionDate "2008.11.26"]
[SourceQuality "1"]
[WhiteTeam "Foti"]
[BlackTeam "Jaszbereny"]
[WhiteTeamCountry "HUN"]
[BlackTeamCountry "HUN"]

1. e4 c5 2. Nf3 d6 3. Bb5+ Bd7 4. Bxd7+ Qxd7 5. 0-0 Nc6 6. d3 g6 7. c3 Nf6 8. a4 Bg7 9. Na3 0-0 10. Nc4 d5 11. exd5 Qxd5 12. Qe2 Rad8 13. Rd1 Qh5 14. Bf4 Rfe8 15. Rd2 Nd5 16. Be3 b6 17. d4 cxd4 18. cxd4 f5 19. Bg5 Nc7 20. d5 Nb4 21. Rad1 Rd7 22. Bf4 Kf8 23. Nce5 Rxd5 24. Nd7+ Rxd7 25. Rxd7 Nca6 26. Rxe7 Rxe7 27. Rd8+ Kf7 28. Qc4+ Re6 29. Rd7+ 1-0

[Event "Eger Tel op"]
[Site "Eger"]
[Date "2008.01.26"]
[Round "4"]
[White "Fridvalszki, Richard"]
[Black "Cabanna, Daniel"]
[Result "1-0"]
[WhiteElo "2151"]
[BlackElo "2025"]
[PlyCount "80"]
[EventDate "2008.01.24"]
[EventType "swiss"]
[EventRounds "7"]
[EventCountry "HUN"]
[SourceTitle "EXT 2011"]
[Source "ChessBase"]
[SourceDate "2010.11.26"]
[SourceVersion "1"]
[SourceVersionDate "2010.11.26"]
[SourceQuality "1"]

1. e4 c5 2. Nf3 d6 3. d4 cxd4 4. Nxd4 Nf6 5. Nc3 Nc6 6. Be2 e5 7. Nb3 Be7 8. 0-0 Be6 9. f4 exf4 10. Bxf4 0-0 11. Kh1 Ne5 12. Qe1 Rc8 13. Rd1 Ng6 14. e5 Ne8 15. exd6 Bf6 16. d7 Bxd7 17. Bb5 Bxc3 18. bxc3 Nf6 19. Bg5 Qe8 20. Bxd7 Nxd7 21. Qxe8 Rfxe8 22. Rxd7 Ne5 23. Rxb7 Rxc3 24. Rxa7 Rxc2 25. Re1 f6 26. Bf4 Rf2 27. Bg3 Rb2 28. Nd4 Rc8 29. Ne6 Rcc2 30. Rxg7+ Kh8 31. Ra7 Kg8 32. Rf1 Rxa2 33. Rxa2 Rxa2 34. Bxe5 Kf7 35. Nd8+ Ke8 36. Bxf6 Kd7 37. Nf7 h5 38. h4 Ke6 39. Bg5 Ra7 40. Nd8+ Kd5 1-0

[Event "HUN-chT2 Erkel 0708"]
[Site "Hungary"]
[Date "2007.12.16"]
[Round "5"]
[White "Reznak, Attila"]
[Black "Fridvalszki, Richard"]
[Result "1-0"]
[WhiteElo "2023"]
[BlackElo "2135"]
[PlyCount "53"]
[EventDate "2007.10.14"]
[EventType "team"]
[EventRounds "11"]
[EventCountry "HUN"]
[SourceTitle "EXT 2009"]
[Source "ChessBase"]
[SourceDate "2008.11.26"]
[SourceVersion "1"]
[SourceVersionDate "2008.11.26"]
[SourceQuality "1"]
[WhiteTeam "Godollo"]
[BlackTeam "Jaszbereny"]
[WhiteTeamCountry "HUN"]
[BlackTeamCountry "HUN"]

1. e4 c5 2. Nc3 d6 3. d3 Nc6 4. g3 g6 5. Bg2 Bg7 6. Be3 Nf6 7. h3 0-0 8. f4 Qb6 9. Rb1 Qa5 10. Qd2 Bd7 11. Nf3 e6 12. 0-0 Ne8 13. d4 cxd4 14. Nxd4 Nxd4 15. Bxd4 Rd8 16. Bxg7 Nxg7 17. Rfd1 Bc6 18. Qd4 Rd7 19. b4 e5 20. Qe3 exf4 21. gxf4 Qa3 22. Rb3 Qa6 23. b5 Qa5 24. bxc6 bxc6 25. Rdb1 d5 26. exd5 Nf5 27. Qd3 1-0

[Event "HUN-chT2 Erkel 0708"]
[Site "Hungary"]
[Date "2007.11.11"]
[Round "2"]
[White "Fridvalszki, Richard"]
[Black "Malinik, Attila"]
[Result "1-0"]
[WhiteElo "2135"]
[BlackElo "2072"]
[PlyCount "53"]
[EventDate "2007.10.14"]
[EventType "team"]
[EventRounds "11"]
[EventCountry "HUN"]
[SourceTitle "EXT 2009"]
[Source "ChessBase"]
[SourceDate "2008.11.26"]
[SourceVersion "1"]
[SourceVersionDate "2008.11.26"]
[SourceQuality "1"]
[WhiteTeam "Jaszbereny"]
[BlackTeam "Godi"]
[WhiteTeamCountry "HUN"]
[BlackTeamCountry "HUN"]

1. e4 c5 2. Nf3 Nc6 3. d4 cxd4 4. Nxd4 g6 5. Nc3 Bg7 6. Be3 Nf6 7. Be2 0-0 8. Nb3 d6 9. 0-0 Be6 10. f4 Qc8 11. h3 h5 12. Bf3 Bc4 13. Re1 Rd8 14. Nd5 Nxd5 15. exd5 Nb4 16. c3 Nd3 17. Re2 Qf5 18. Nd4 Bxd4 19. Bxd4 Nxf4 20. Rxe7 Bxd5 21. Bxd5 Qxd5 22. Qf1 Qg5 23. Rae1 d5 24. Qf3 h4 25. Kh2 b6 26. R1e5 Qf6 27. Rh5 1-0

[Event "HUN-chT2 Erkel 0607"]
[Site "Hungary"]
[Date "2007.05.06"]
[Round "10"]
[White "Hogye, Imre"]
[Black "Fridvalszki, Richard"]
[Result "0-1"]
[WhiteElo "2124"]
[BlackElo "2048"]
[PlyCount "63"]
[EventDate "2006.11.12"]
[EventType "team"]
[EventRounds "11"]
[EventCountry "HUN"]
[SourceTitle "EXT 2008"]
[Source "ChessBase"]
[SourceDate "2007.11.25"]
[SourceVersion "1"]
[SourceVersionDate "2007.11.25"]
[SourceQuality "1"]
[WhiteTeam "Ujszasz"]
[BlackTeam "Szekuritas"]
[WhiteTeamCountry "HUN"]
[BlackTeamCountry "HUN"]

1. d4 g6 2. Bf4 Bg7 3. h4 Nf6 4. e3 h5 5. Be2 d5 6. f3 c5 7. c3 Qb6 8. Qc1 Nc6 9. Nh3 Bf5 10. Nf2 Rc8 11. Qd2 cxd4 12. exd4 Na5 13. Na3 0-0 14. Bd3 Qe6+ 15. Kf1 Qd7 16. Re1 Rfe8 17. Rg1 Nc6 18. Bxf5 Qxf5 19. g4 Qd7 20. Qd3 hxg4 21. fxg4 Ne4 22. h5 Nxf2 23. Kxf2 e5 24. dxe5 Bxe5 25. Bxe5 Nxe5 26. Qd4 Qd6 27. h6 Qf6+ 28. Kg3 Qf3+ 29. Kh2 f6 30. Ref1 Nxg4+ 31. Qxg4 Re2+ 32. Rg2 0-1

[Event "HUN-chT2 Erkel 0607"]
[Site "Hungary"]
[Date "2007.04.29"]
[Round "9"]
[White "Fridvalszki, Richard"]
[Black "Trajber, Daniel"]
[Result "1-0"]
[WhiteElo "2048"]
[BlackElo "1969"]
[PlyCount "47"]
[EventDate "2006.11.12"]
[EventType "team"]
[EventRounds "11"]
[EventCountry "HUN"]
[SourceTitle "EXT 2008"]
[Source "ChessBase"]
[SourceDate "2007.11.25"]
[SourceVersion "1"]
[SourceVersionDate "2007.11.25"]
[SourceQuality "1"]
[WhiteTeam "Szekuritas"]
[BlackTeam "Vaci"]
[WhiteTeamCountry "HUN"]
[BlackTeamCountry "HUN"]

1. e4 c5 2. Nf3 e6 3. d4 cxd4 4. Nxd4 a6 5. Bd3 Nf6 6. 0-0 Qc7 7. Qe2 d6 8. c4 Nbd7 9. Nc3 Be7 10. f4 0-0 11. Be3 b6 12. g4 Nc5 13. g5 Nfd7 14. Bc2 Nb8 15. f5 Qd8 16. Qh5 e5 17. Rf3 Bxg5 18. Bxg5 f6 19. Rh3 fxg5 20. Qxh7+ Kf7 21. Qg6+ Kg8 22. Nf3 Qf6 23. Qh7+ Kf7 24. Nd5 1-0

[Event "Senta op-A 10th"]
[Site "Senta"]
[Date "2006.07.22"]
[Round "3"]
[White "Mamuzic, Mirko"]
[Black "Fridvalszki, Richard"]
[Result "1-0"]
[WhiteElo "2233"]
[BlackElo "2048"]
[PlyCount "115"]
[EventDate "2006.07.21"]
[EventType "swiss"]
[EventRounds "9"]
[EventCountry "YUG"]
[SourceTitle "CBM 113 Extra"]
[Source "ChessBase"]
[SourceDate "2006.09.14"]
[SourceVersion "1"]
[SourceVersionDate "2006.09.14"]
[SourceQuality "1"]

1. b4 e5 2. Bb2 Bxb4 3. Bxe5 Nf6 4. e3 Nc6 5. Bb2 0-0 6. Nf3 d5 7. Be2 Bf5 8. 0-0 Be7 9. d3 Qd7 10. Nbd2 Rad8 11. a4 h6 12. Qb1 g5 13. Rd1 Qe6 14. Nb3 Bg6 15. a5 Ng4 16. Nfd4 Nxd4 17. Bxd4 b6 18. axb6 axb6 19. Ra7 Bd6 20. h3 Ne5 21. Ba1 g4 22. Nd4 Qc8 23. h4 c5 24. Nb5 Bb8 25. Ra4 Qf5 26. Rf4 Nf3+ 27. gxf3 Bxf4 28. exf4 gxf3 29. Bxf3 Qxf4 30. Bg2 Bh5 31. Qc1 Qb4 32. Re1 Kh7 33. Be5 Rg8 34. Bg3 Rd7 35. Nc3 f5 36. Nxd5 Rxd5 37. Bxd5 Rg7 38. Bg2 f4 39. Qxf4 Qxf4 40. Bxf4 Bf3 41. Bg3 Bxg2 42. Kxg2 b5 43. Re5 c4 44. dxc4 bxc4 45. Rc5 Kg6 46. Rxc4 Kf5 47. Rc6 Ke4 48. Rxh6 Rd7 49. Rd6 Ra7 50. h5 Rh7 51. h6 Kf5 52. c4 Kg5 53. c5 Kg4 54. c6 Kf5 55. c7 Rxc7 56. Rd5+ Ke6 57. Bxc7 Kxd5 58. h7 1-0

[Event "HUN-chT2 Erkel 0405"]
[Site "Hungary"]
[Date "2005.03.06"]
[Round "9"]
[White "Fridvalszki, Richard"]
[Black "Gulyas, Zoltan"]
[Result "1-0"]
[WhiteElo "2023"]
[BlackElo "2128"]
[PlyCount "53"]
[EventDate "2004.09.26"]
[EventType "team"]
[EventRounds "11"]
[EventCountry "HUN"]
[SourceTitle "EXT 2009"]
[Source "ChessBase"]
[SourceDate "2008.11.26"]
[SourceVersion "1"]
[SourceVersionDate "2008.11.26"]
[SourceQuality "1"]
[WhiteTeam "Szekuritas"]
[BlackTeam "Ujszasz"]
[WhiteTeamCountry "HUN"]
[BlackTeamCountry "HUN"]

1. e4 e6 2. d4 d5 3. exd5 exd5 4. Bd3 Bd6 5. Nf3 Bg4 6. 0-0 Ne7 7. Bg5 f6 8. Bh4 Nbc6 9. c3 0-0 10. Bg3 Qd7 11. Nbd2 g6 12. Re1 Rae8 13. Bxd6 Qxd6 14. h3 Be6 15. Nb3 Nd8 16. Qc2 Kf7 17. Re2 Bf5 18. Rae1 b6 19. Nh4 Bxd3 20. Qxd3 Qd7 21. Nc1 Nc8 22. Nf3 Nd6 23. Qc2 Rxe2 24. Rxe2 Re8 25. Nd3 Rxe2 26. Qxe2 c6 27. Nfe5+ 1-0